Mineral resources of California. (Record no. 30369)

MARC details
000 -LEADER
fixed length control field 01415cam a2200277 4500
001 - CONTROL NUMBER
control field gs 67000280
003 - CONTROL NUMBER IDENTIFIER
control field DLC
005 - DATE AND TIME OF LATEST TRANSACTION
control field 20260227111421.0
008 - FIXED-LENGTH DATA ELEMENTS--GENERAL INFORMATION
fixed length control field 700605s1966 cauab b 00010 eng c
010 ## - LIBRARY OF CONGRESS CONTROL NUMBER
LC control number gs 67000280 //r852
040 ## - CATALOGING SOURCE
Original cataloging agency U.S. Geological Survey Library
050 0# - LIBRARY OF CONGRESS CALL NUMBER
Classification number TN24.C2
Item number A3 no. 191
082 ## - DEWEY DECIMAL CLASSIFICATION NUMBER
Classification number 333.8/09794
110 20 - MAIN ENTRY--CORPORATE NAME
Corporate name or jurisdiction name as entry element Geological Survey (U.S.)
245 10 - TITLE STATEMENT
Title Mineral resources of California.
Remainder of title [Report of the U.S. Geological Survey in collaboration with the California Division of Mines and Geology and the U.S. Bureau of Mines,
Statement of responsibility, etc. prepared at the request of Senator Thomas H. Kuchel of California of the Committee on Interior and Insular Affairs, United States Senate.]
260 0# - PUBLICATION, DISTRIBUTION, ETC.
Place of publication, distribution, etc. San Francisco,
Date of publication, distribution, etc. 1966.
300 ## - PHYSICAL DESCRIPTION
Extent vii, 450 p.
Other physical details illus., maps (1 fold. col. in pocket)
Dimensions 24 cm.
490 1# - SERIES STATEMENT
Series statement California. Division of Mines and Geology. Bulletin
Volume/sequential designation 191
500 ## - GENERAL NOTE
General note Issued also as Committee print, U.S. 89th Cong., 2d sess., entitled: Mineral and water resources of California, part 1.
500 ## - GENERAL NOTE
General note "Part II a companion volume dealing with water, not distributed by the Division of Mines and Geology."
504 ## - BIBLIOGRAPHY, ETC. NOTE
Bibliography, etc. note Includes bibliographies.
650 #0 - SUBJECT ADDED ENTRY--TOPICAL TERM
Topical term or geographic name entry element Mines and mineral resources
Geographic subdivision California.
710 10 - ADDED ENTRY--CORPORATE NAME
Corporate name or jurisdiction name as entry element California.
Subordinate unit Division of Mines and Geology.
710 10 - ADDED ENTRY--CORPORATE NAME
Corporate name or jurisdiction name as entry element United States.
Subordinate unit Bureau of Mines.
830 #0 - SERIES ADDED ENTRY--UNIFORM TITLE
Uniform title Bulletin (California. Division of Mines and Geology) ;
Volume/sequential designation 191.

No items available.

Powered by Koha